| 000 | 00733nam a2200229Ia 4500 | ||
|---|---|---|---|
| 005 | 20250108124752.0 | ||
| 008 | 008 250107s9999 xx 000 0 eng d | ||
| 020 | _a978-3-319-91955-3 | ||
| 037 | _aTB | ||
| 040 |
_aCRL _beng _cCRL |
||
| 041 |
_aeng _2eng |
||
| 084 | _aR631 P8 | ||
| 084 | _qCRL | ||
| 100 |
_aAhluwalia V.K. (Acharya Narendra) Au.; Bhagat Pooja Au.; Aggarwal Renu Au. _9729773 |
||
| 245 | 0 |
_aLaboratory techniques in organic chemistry _cAhluwalia V.K. (Acharya Narendra) Au.; Bhagat Pooja Au.; Aggarwal Renu Au. |
|
| 260 |
_aNew Delhi, India _bI.K.International _c2117 |
||
| 300 | _aviii,195p. | ||
| 365 |
_aINR _b0 |
||
| 650 | _aCHEMISTRY | ||
| 942 |
_cTB _hR631 P8 |
||
| 999 |
_c1234505 _d1234505 |
||